<?xml version="1.0" encoding="UTF-8"?>
<record
    xmlns:xsi="http://www.w3.org/2001/XMLSchema-instance"
    xsi:schemaLocation="http://www.loc.gov/MARC21/slim http://www.loc.gov/standards/marcxml/schema/MARC21slim.xsd"
    xmlns="http://www.loc.gov/MARC21/slim">

  <leader>03190cam a2200349 i 4500</leader>
  <controlfield tag="001"> </controlfield>
  <controlfield tag="003">DO-SdBNP</controlfield>
  <controlfield tag="005">20220325113409.0</controlfield>
  <controlfield tag="008">150807s2014    dr ab    b    000 0 spa c</controlfield>
  <datafield tag="020" ind1=" " ind2=" ">
    <subfield code="a">9789945891492</subfield>
  </datafield>
  <datafield tag="040" ind1=" " ind2=" ">
    <subfield code="a">BPMSU</subfield>
    <subfield code="b">spa</subfield>
    <subfield code="c">BPMSU</subfield>
  </datafield>
  <datafield tag="082" ind1=" " ind2=" ">
    <subfield code="a">704.0397293</subfield>
    <subfield code="b">Z53a</subfield>
    <subfield code="2">22</subfield>
  </datafield>
  <datafield tag="245" ind1="0" ind2="3">
    <subfield code="a">El zem&#xED; de algod&#xF3;n ta&#xED;no /</subfield>
    <subfield code="c">presentaci&#xF3;n Manuel Garc&#xED;a Ar&#xE9;valo ; traducci&#xF3;n Rosario Flores Paz ; edici&#xF3;n Jes&#xFA;s R. Navarro Zerpa.</subfield>
  </datafield>
  <datafield tag="260" ind1=" " ind2=" ">
    <subfield code="a">Santo Domingo : </subfield>
    <subfield code="b">Academia Dominicana de la Historia,</subfield>
    <subfield code="c">2014</subfield>
  </datafield>
  <datafield tag="300" ind1=" " ind2=" ">
    <subfield code="a">225 p. :</subfield>
    <subfield code="b"> ils., retrs. </subfield>
    <subfield code="c">23 cm.</subfield>
  </datafield>
  <datafield tag="490" ind1="0" ind2=" ">
    <subfield code="a">Academia Dominicana de la Historia ;</subfield>
    <subfield code="v">122 </subfield>
  </datafield>
  <datafield tag="500" ind1=" " ind2=" ">
    <subfield code="a">Incluye referecias bibliogr&#xE1;ficas y notas al pie de las p&#xE1;ginas </subfield>
  </datafield>
  <datafield tag="505" ind1="0" ind2=" ">
    <subfield code="a">Descubrimiento de la actual localizaci&#xF3;n del &#xFA;nico zem&#xED; de algod&#xF3;n antillano aun existente / Bernardo Vega (1971-1972) -- Los ta&#xED;nos y su cem&#xED; / Annalena Guidi y M. Grazia Appendino (1973) -- El zem&#xED; de algod&#xF3;n del Museo de Tur&#xED;n / Melchiorre Masali y Gabriella Erica-Pia (1993) -- Escenas del pasado : TC multidetector de un &#xED;dolo cem&#xED; antillano / Maria Cristina Martina, MD, Federico Cesarani, MD, Rosa Boano, PHD, Emma Rabino Massa, MD, Claudio Carlo Venturi, MD, Giovanni Gandini, MD (1997) -- El cem&#xED; de algod&#xF3;n del Museo de Antropolog&#xED;a y Etnograf&#xED;a de Tur&#xED;n : historia de su descubrimiento y descripci&#xF3;n / Donatella Meaglia y Marilena Girotti (2001) -- El cem&#xED; de algod&#xF3;n y sus conexiones culturales con pueblos y culturas de Sudam&#xE9;rica : notas a partir de investigaciones arqueol&#xF3;gicas y etnol&#xF3;gicas / Gabriella Erica Pia (2001) -- "Dioses... decorados con la aguja del bordador" : los materiales, la confecci&#xF3;n y el significado de un relicario ta&#xED;no de algod&#xF3;n / Joanna Ostapkowicz y Lee Newsom (2012) ; traducci&#xF3;n de, Rosario Flores Paz -- Ap&#xE9;ndices : el cem&#xED; de algod&#xF3;n en la prensa. "Al museo antropol&#xF3;gico y etnogr&#xE1;fico universitario el secreto del &#xED;dolo peruano" / U. D. (1940) ; Detective cultural / (Editorial) (1972) ; Redescubren zem&#xED; de cultura ta&#xED;na / H&#xE9;ctor Herrera (1972) ; De c&#xF3;mo y cu&#xE1;ndo la nieve se convierte en algod&#xF3;n / Pedro Mir (1972) ; Suro califica al cem&#xED; de algod&#xF3;n como objeto de car&#xE1;cter m&#xE1;gico (1972) ; El zem&#xED; de algod&#xF3;n de Santo Domingo / M. Rivero de la Calle, Director del Museo Antropol&#xF3;gico Montan&#xE9;, Escuela de Ciencias Biol&#xF3;gicas, Universidad de La Habana (1973) ; A recuperar el zem&#xED; ta&#xED;no de algod&#xF3;n / Jos&#xE9; Rafael Lantiagua (2013).</subfield>
    <subfield code="g"> </subfield>
  </datafield>
  <datafield tag="546" ind1=" " ind2=" ">
    <subfield code="a">One essay translated from the English.</subfield>
  </datafield>
  <datafield tag="590" ind1=" " ind2=" ">
    <subfield code="6">inventariado, 20121/VM</subfield>
  </datafield>
  <datafield tag="650" ind1=" " ind2="4">
    <subfield code="a">Arte ta&#xED;no</subfield>
    <subfield code="z">Isla Hispaniola (Hait&#xED; y Rep&#xFA;blica Dominicana )</subfield>
  </datafield>
  <datafield tag="650" ind1=" " ind2="4">
    <subfield code="a">Mitolog&#xED;a ta&#xED;na  Ind&#xED;genas de Isla Hispaniola (Hait&#xED; y Rep&#xFA;blica Dominicana )   </subfield>
  </datafield>
  <datafield tag="650" ind1=" " ind2="4">
    <subfield code="a">Culto a los antepasados</subfield>
    <subfield code="z">Isla Hispaniola (Hait&#xED; y Rep&#xFA;blica Dominicana )</subfield>
  </datafield>
  <datafield tag="651" ind1=" " ind2="4">
    <subfield code="a">Isla Hispaniola (Hait&#xED; y Rep&#xFA;blica Dominicana )</subfield>
    <subfield code="x">Historia</subfield>
  </datafield>
  <datafield tag="700" ind1="1" ind2=" ">
    <subfield code="a">Garc&#xED;a Ar&#xE9;valo, Manuel</subfield>
    <subfield code="e">presentaci&#xF3;n </subfield>
  </datafield>
  <datafield tag="700" ind1="1" ind2=" ">
    <subfield code="a"> Flores Paz, Rosario</subfield>
    <subfield code="e">tr.</subfield>
  </datafield>
  <datafield tag="700" ind1="1" ind2=" ">
    <subfield code="a">Navarro Zerpa, Jes&#xFA;s R.  </subfield>
    <subfield code="e">ed.</subfield>
  </datafield>
  <datafield tag="710" ind1="2" ind2=" ">
    <subfield code="a">Academia Dominicana de la Historia </subfield>
  </datafield>
  <datafield tag="830" ind1=" " ind2="0">
    <subfield code="a">Academia Dominicana de la Historia ;</subfield>
    <subfield code="v">122.</subfield>
  </datafield>
  <datafield tag="910" ind1=" " ind2=" ">
    <subfield code="a">VMateo</subfield>
  </datafield>
  <datafield tag="942" ind1=" " ind2=" ">
    <subfield code="2">ddc</subfield>
    <subfield code="c">BK</subfield>
  </datafield>
  <datafield tag="952" ind1=" " ind2=" ">
    <subfield code="0">0</subfield>
    <subfield code="1">0</subfield>
    <subfield code="2">ddc</subfield>
    <subfield code="4">0</subfield>
    <subfield code="7">0</subfield>
    <subfield code="8">CD</subfield>
    <subfield code="a">BPMET</subfield>
    <subfield code="b">BPMET</subfield>
    <subfield code="d">2021-04-26</subfield>
    <subfield code="e">Compra</subfield>
    <subfield code="o">BPMSU CD 704.0397293 Z53a  2014</subfield>
    <subfield code="p">BPMSU21040037</subfield>
    <subfield code="r">2021-04-26</subfield>
    <subfield code="t">e.2</subfield>
    <subfield code="w">2021-04-26</subfield>
    <subfield code="y">BK</subfield>
  </datafield>
  <datafield tag="952" ind1=" " ind2=" ">
    <subfield code="0">0</subfield>
    <subfield code="1">0</subfield>
    <subfield code="2">ddc</subfield>
    <subfield code="4">0</subfield>
    <subfield code="7">0</subfield>
    <subfield code="8">CD</subfield>
    <subfield code="a">BPMET</subfield>
    <subfield code="b">BPMET</subfield>
    <subfield code="d">2021-04-26</subfield>
    <subfield code="e">Compra</subfield>
    <subfield code="o">BPMSU CD 704.0397293 Z53a 2014</subfield>
    <subfield code="p">BPMSU21040038</subfield>
    <subfield code="r">2021-04-26</subfield>
    <subfield code="w">2021-04-26</subfield>
    <subfield code="y">BK</subfield>
  </datafield>
  <datafield tag="999" ind1=" " ind2=" ">
    <subfield code="c">13431</subfield>
    <subfield code="d">13431</subfield>
  </datafield>
</record>
